banner-ar

Glossary of Genatic Disorders \ (Record no. 60776)

MARC details
000 -الفاتح
حقل البيانات ثابتة الطول 00542nam a22001937a 4500
005 - وقت وتاريخ اخر تعامل مع التسجيلة
رقم الضبط 20240530110427.0
008 - عناصر البيانات ثابتة الطول - معلومات عامة
حقل البيانات ثابتة الطول 150326s2013 ua ao f 000 0 eng d
040 ## - مصدر الفهرسة
وكالة الفهرسة الأصلية EG-CaGPL
وكالة النسخ EG-CaGPL
082 04 - رقم تصنيف ديوى العشرى
رقم الطبعة 21
رقم التصنيف 616.04203\
رقم المادة O G
100 0# - المدخل الرئيسى - إسم شخصى
الإسم الشخصى Osama Al Agamawy
245 10 - بيان العنوان
العنوان Glossary of Genatic Disorders \
بيان المسئوليه,etc Osama Al Agamawy
250 ## - بيان الطبعة
بيان الطبعة 1st ed.
260 ## - PUBLICATION, DISTRIBUTION, ETC. (IMPRINT)
تاريخ النشر أو التوزيع 2013.
300 ## - الوصف المادى
التعداد 75 p. :
تفاصيل ماديه اخرى للوعاء col. ill. ;
أبعاد الوعاء 24 cm.
650 0# - المدخل الاضافى بالموضوع-مصطلح موضوعى
مصطلح موضوعي Genatic Disorders
التقسيم الفرعي العام Glossaries
942 ## - عناصر المدخل الإضافي( كوها)
مصدر التصنيف او مخطط الترفيف Dewey Decimal Classification
Koha [default] item type كتاب
260 ## - PUBLICATION, DISTRIBUTION, ETC. (IMPRINT)
-- Cairo :
-- Al Ahram ,
Holdings
حالة التراجع حالة الفقد مصدر التصنيف او خطة الترفيف حالة تلف ليس للاعارة المكان المؤقت الموقع الحالى تاريخ الاكتساب اجمالي اﻻعارات رقم الطلب الباركود تاريخ اخر مشاهدة تاريخ تفعيل السعر نوع وعاء كوها
    ddc     مكتبة القاهرة الكبرى مكتبة القاهرة الكبرى 03/26/2015   616.04203\ O G 159898 03/26/2015 03/26/2015 كتاب

Powered By

EGPV